000 00308nam a2200133Ia 4500
008 191201s2015 xx 000 0 und d
100 _aSHETTY, M S
245 0 _aConcrete Technology
250 _a-
260 _c2015
_bS Chand and Co. Ltd.
_aNew Delhi
300 _a660
650 _aCIVIL
942 _2ddc
_cBB
999 _c7664
_d7664